[Event "SWE-chT 1718 Superettan"]
[Site "Sweden"]
[Date "2017.10.22"]
[Round "3"]
[White "Akesson, Joel"]
[Black "Andersson, Goran L"]
[Result "1-0"]
[WhiteElo "2276"]
[BlackElo "2226"]
[PlyCount "83"]
[EventDate "2017.10.20"]
[EventType "team-tourn"]
[EventRounds "9"]
[EventCountry "SWE"]
[SourceTitle "EXT 2019"]
[Source "ChessBase"]
[SourceDate "2018.10.10"]
[SourceVersion "1"]
[SourceVersionDate "2018.10.10"]
[SourceQuality "1"]
[WhiteTeam "Manhem"]
[BlackTeam "Kristallens"]
[WhiteTeamCountry "SWE"]
[BlackTeamCountry "SWE"]

1. c4 c6 2. Nf3 d5 3. d4 Nf6 4. e3 e6 5. Bd3 Nbd7 6. 0-0 dxc4 7. Bxc4 b5 8. Bd3 Bb7 9. e4 Be7 10. Nbd2 a6 11. e5 Nd5 12. Ne4 h6 13. a4 b4 14. Nfd2 c5 15. Nc4 Bc6 16. Ncd6+ Kf8 17. Qh5 Bxd6 18. Nxd6 Qe7 19. Bd2 N5f6 20. Qe2 a5 21. Rfc1 Nd5 22. dxc5 g5 23. Bb5 Nb8 24. Qh5 Kg7 25. Rf1 Nf4 26. Bxf4 gxf4 27. Rae1 Ra7 28. Bxc6 Nxc6 29. Qf3 Nd4 30. Qxf4 Nc2 31. Re4 Qg5 32. Qf3 Kf8 33. h4 Qg7 34. Qb3 Rg8 35. g3 Nd4 36. Rxd4 Qxe5 37. Nb5 Ra8 38. Qf3 Kg7 39. Rd7 Rgf8 40. Nd6 Qf6 41. Qxf6+ Kxf6 42. Nb5 1-0

[Event "Gothenburg op"]
[Site "Gothenburg"]
[Date "2017.08.20"]
[Round "8"]
[White "Akesson, Joel"]
[Black "Forsberg, Timmy"]
[Result "0-1"]
[WhiteElo "2296"]
[BlackElo "2093"]
[PlyCount "64"]
[EventDate "2017.08.18"]
[EventType "swiss"]
[EventRounds "8"]
[EventCountry "SWE"]
[SourceTitle "CBM 180 Extra"]
[Source "ChessBase"]
[SourceDate "2017.10.06"]
[SourceVersion "1"]
[SourceVersionDate "2017.10.06"]
[SourceQuality "1"]

1. c4 c5 2. g3 Nc6 3. Bg2 g6 4. Nc3 Bg7 5. a3 e6 6. e4 Nge7 7. Nge2 0-0 8. 0-0 d6 9. d3 Nd4 10. Rb1 Nxe2+ 11. Nxe2 d5 12. Bg5 f6 13. Be3 d4 14. Bd2 e5 15. b4 b6 16. f4 Qd6 17. fxe5 fxe5 18. Rxf8+ Bxf8 19. Qf1 Qe6 20. Qf2 Qf7 21. Qxf7+ Kxf7 22. Rf1+ Ke8 23. b5 a6 24. bxa6 Rxa6 25. Bc1 Bd7 26. Bb2 Bh6 27. Nc1 b5 28. cxb5 Bxb5 29. Bf3 Rb6 30. Bd1 Bd7 31. Bb3 c4 32. dxc4 Bxc1 0-1

[Event "Gothenburg op"]
[Site "Gothenburg"]
[Date "2017.08.18"]
[Round "2"]
[White "Akesson, Joel"]
[Black "Andersson, Stig"]
[Result "1-0"]
[WhiteElo "2296"]
[BlackElo "1871"]
[PlyCount "71"]
[EventDate "2017.08.18"]
[EventType "swiss"]
[EventRounds "8"]
[EventCountry "SWE"]
[SourceTitle "CBM 180 Extra"]
[Source "ChessBase"]
[SourceDate "2017.10.06"]
[SourceVersion "1"]
[SourceVersionDate "2017.10.06"]
[SourceQuality "1"]

1. c4 Nf6 2. g3 g6 3. Bg2 Bg7 4. Nc3 c5 5. a3 Nc6 6. Rb1 0-0 7. b4 cxb4 8. axb4 d6 9. Nf3 Ng4 10. 0-0 Nge5 11. Nxe5 Nxe5 12. Qb3 Rb8 13. d4 Nc6 14. e3 Bf5 15. Ra1 Qb6 16. Nd5 Qd8 17. b5 e6 18. Nc3 Na5 19. Qb4 b6 20. e4 Bxd4 21. exf5 Bc5 22. Qa4 gxf5 23. Ne2 Qf6 24. Bd2 Qb2 25. Bxa5 bxa5 26. Nf4 Qb4 27. Nd3 Qxa4 28. Rxa4 Bb6 29. Rd1 Rfd8 30. Nc1 Kg7 31. Nb3 Kf6 32. Nxa5 Bxa5 33. Rxa5 d5 34. cxd5 Rd7 35. d6 Rb6 36. Bc6 1-0

[Event "Gothenburg op"]
[Site "Gothenburg"]
[Date "2016.08.20"]
[Round "6"]
[White "Akesson, Joel"]
[Black "Efroimski, Marsel"]
[Result "1-0"]
[WhiteElo "2294"]
[BlackElo "2329"]
[PlyCount "151"]
[EventDate "2016.08.19"]
[EventType "swiss"]
[EventRounds "8"]
[EventCountry "SWE"]
[SourceTitle "CBM 174 Extra"]
[Source "ChessBase"]
[SourceDate "2016.10.10"]
[SourceVersion "1"]
[SourceVersionDate "2016.10.10"]
[SourceQuality "1"]

1. g3 Nf6 2. Bg2 d5 3. Nf3 g6 4. c4 Bg7 5. 0-0 dxc4 6. Qa4+ Bd7 7. Qxc4 0-0 8. d3 Nc6 9. Nc3 Bg4 10. Bf4 Nh5 11. Bxc7 Qd7 12. Bf4 Rac8 13. Qa4 b5 14. Nxb5 Bxf3 15. Bxf3 Nd4 16. Bxh5 gxh5 17. Nc3 Nxe2+ 18. Kh1 Qxa4 19. Nxa4 Nxf4 20. gxf4 Rfd8 21. Rac1 Bf6 22. Rxc8 Rxc8 23. Nc3 Rb8 24. Nd5 Rxb2 25. a4 Ra2 26. Re1 Rxa4 27. Nxe7+ Kf8 28. Nd5 Ra1 29. Rxa1 Bxa1 30. Kg2 a5 31. Kf3 a4 32. Ke4 a3 33. Nb4 Bc3 34. Na2 Bb2 35. d4 Ke7 36. f5 Kf6 37. h4 Ba1 38. Nb4 Bb2 39. Na2 Ke7 40. Ke5 Kd7 41. Kd5 Kc7 42. Kc5 Kb7 43. Kd5 Kb6 44. Kc4 Ka5 45. Kc5 Ka4 46. Kc4 h6 47. f6 Ka5 48. Kc5 Ka6 49. Nb4+ Kb7 50. Na2 Kc7 51. f4 Kd7 52. Kd5 Ba1 53. f5 Bb2 54. Kc5 Kc7 55. Kd5 Kb6 56. Kc4 Ka5 57. Kc5 Ka4 58. Kc4 Ba1 59. Nc1 Bb2 60. Na2 Ka5 61. Kc5 Ka6 62. Nb4+ Ka5 63. Na2 Ba1 64. Nc1 Bc3 65. Kd6 Kb6 66. Ke7 Kc7 67. d5 Be1 68. d6+ Kc6 69. d7 Bb4+ 70. Ke8 Ba5 71. d8Q Bxd8 72. Kxd8 Kd6 73. Ke8 Ke5 74. Kxf7 Kd4 75. Ke6 Kc3 76. f7 1-0

[Event "SWE-chT 1516"]
[Site "Sweden"]
[Date "2016.03.19"]
[Round "8.5"]
[White "Akesson, Joel"]
[Black "Nikcevic, Nebojsa"]
[Result "1/2-1/2"]
[WhiteElo "2286"]
[BlackElo "2425"]
[PlyCount "217"]
[EventDate "2015.11.06"]
[EventType "team-tourn"]
[EventRounds "9"]
[EventCountry "SWE"]
[SourceTitle "EXT 2017"]
[Source "ChessBase"]
[SourceDate "2016.10.25"]
[SourceVersion "1"]
[SourceVersionDate "2016.10.25"]
[SourceQuality "1"]
[WhiteTeam "Manhem"]
[BlackTeam "Farsta"]
[WhiteTeamCountry "SWE"]
[BlackTeamCountry "SWE"]

1. Nf3 c5 2. c4 Nc6 3. g3 g6 4. Bg2 Bg7 5. Nc3 d6 6. a3 e5 7. 0-0 Nge7 8. b4 e4 9. Ng5 h6 10. Ngxe4 f5 11. bxc5 fxe4 12. cxd6 Qxd6 13. Nxe4 Qe6 14. Rb1 0-0 15. d3 b6 16. Bb2 Bd7 17. Bxg7 Kxg7 18. Qd2 Rad8 19. Rfc1 Kh7 20. d4 Na5 21. Qd3 Bc8 22. c5 Bb7 23. cxb6 axb6 24. Rc7 Kh8 25. d5 Qe5 26. Qc3 Qxc3 27. Nxc3 Rc8 28. Rxe7 Rxc3 29. Be4 Rf6 30. d6 Bxe4 31. d7 Rd6 32. Rxe4 Rxd7 33. Rxb6 Rc6 34. Rxc6 Nxc6 35. Re6 Ne7 36. a4 Kg7 37. a5 Kf7 38. Rb6 Rd2 39. e3 Nc8 40. Rc6 Nd6 41. a6 Ke6 42. Rb6 g5 43. h4 Kd5 44. hxg5 hxg5 45. Rb8 Ra2 46. Rg8 Nf7 47. Rg7 Ke6 48. g4 Kf6 49. Rg8 Nh6 50. Re8 Rxa6 51. f4 Ra2 52. Rf8+ Kg6 53. fxg5 Nxg4 54. e4 Kxg5 55. e5 Re2 56. e6 Kh4 57. Rf3 Rxe6 58. Ra3 Re2 59. Kf1 Rh2 60. Kg1 Rb2 61. Kf1 Ne5 62. Re3 Rb5 63. Ke2 Kg4 64. Re4+ Kf5 65. Ra4 Rb3 66. Kd2 Ke6 67. Kc2 Rh3 68. Rd4 Nc6 69. Rg4 Kd5 70. Ra4 Nd4+ 71. Kd2 Ke4 72. Ra8 Rd3+ 73. Kc1 Rc3+ 74. Kb2 Rb3+ 75. Ka2 Rb7 76. Re8+ Kd3 77. Rc8 Ne2 78. Ka3 Nc3 79. Rh8 Ne2 80. Ka4 Kc4 81. Rc8+ Kd3 82. Ka5 Nd4 83. Ka6 Rb1 84. Rd8 Kc4 85. Rc8+ Kd5 86. Ka5 Ne6 87. Ka4 Nc5+ 88. Ka3 Kc4 89. Rh8 Rb3+ 90. Ka2 Rb7 91. Rc8 Rb5 92. Rh8 Kc3 93. Rh3+ Nd3 94. Rg3 Ra5+ 95. Kb1 Ra7 96. Rh3 Re7 97. Ka2 Re5 98. Rg3 Re4 99. Rh3 Kc4 100. Rh8 Nc5 101. Rh3 Re6 102. Rh4+ Ne4 103. Kb2 Rb6+ 104. Kc2 Kd4 105. Rh8 Rc6+ 106. Kb2 Rg6 107. Rh4 Rg3 108. Rh8 Nd6 109. Rd8 1/2-1/2

[Event "SWE-chT 1516"]
[Site "Sweden"]
[Date "2016.01.16"]
[Round "4.2"]
[White "Vernersson, Per"]
[Black "Akesson, Joel"]
[Result "1/2-1/2"]
[WhiteElo "2318"]
[BlackElo "2286"]
[PlyCount "68"]
[EventDate "2015.11.06"]
[EventType "team-tourn"]
[EventRounds "9"]
[EventCountry "SWE"]
[SourceTitle "CBM 170 Extra"]
[Source "ChessBase"]
[SourceDate "2016.02.25"]
[SourceVersion "1"]
[SourceVersionDate "2016.02.25"]
[SourceQuality "1"]
[WhiteTeam "Eksjo"]
[BlackTeam "Manhem"]
[WhiteTeamCountry "SWE"]
[BlackTeamCountry "SWE"]

1. d4 Nf6 2. c4 e6 3. g3 Bb4+ 4. Nd2 0-0 5. a3 Be7 6. Ngf3 b6 7. Bg2 Bb7 8. b3 c5 9. Bb2 cxd4 10. Bxd4 d6 11. 0-0 Nbd7 12. Bb2 Rc8 13. Rc1 Qc7 14. b4 Qb8 15. Qb3 a6 16. h3 Rfd8 17. Rfd1 Qa8 18. Ne1 Bxg2 19. Nxg2 b5 20. Qd3 bxc4 21. Nxc4 d5 22. Na5 Ne4 23. Ne1 Bg5 24. Rxc8 Rxc8 25. Nf3 Bf6 26. Bxf6 Ndxf6 27. Qe3 Rc3 28. Rd3 Rc2 29. Nd4 Rc8 30. Qf4 h6 31. Nf3 Rc2 32. Nd4 Rc8 33. Nf3 Rc2 34. Nd4 Rc8 1/2-1/2

[Event "SWE-chT 1516"]
[Site "Sweden"]
[Date "2015.11.08"]
[Round "3.1"]
[White "Westerberg, Jonathan"]
[Black "Akesson, Joel"]
[Result "1-0"]
[WhiteElo "2496"]
[BlackElo "2286"]
[PlyCount "57"]
[EventDate "2015.11.06"]
[EventType "team-tourn"]
[EventRounds "9"]
[EventCountry "SWE"]
[SourceTitle "CBM 169 Extra"]
[Source "ChessBase"]
[SourceDate "2015.12.18"]
[SourceVersion "1"]
[SourceVersionDate "2015.12.18"]
[SourceQuality "1"]
[WhiteTeam "Stockholm Viking"]
[BlackTeam "Manhem"]
[WhiteTeamCountry "SWE"]
[BlackTeamCountry "SWE"]

1. e4 e6 2. d4 d5 3. Nc3 Bb4 4. Qd3 Ne7 5. Bd2 b6 6. Nge2 Ba6 7. Qf3 dxe4 8. Qxe4 Nd7 9. 0-0-0 0-0 10. Qf3 Qc8 11. Nf4 Bb7 12. Qh3 e5 13. Nh5 exd4 14. Qg4 Ng6 15. Qxd4 Bxc3 16. Bxc3 Nde5 17. f4 Qg4 18. fxe5 Qxh5 19. e6 f6 20. Bc4 Kh8 21. Rhe1 Ne5 22. Bb5 c6 23. Bf1 Rfe8 24. Qd6 Qxh2 25. e7 Qf4+ 26. Kb1 Qf5 27. Bxe5 fxe5 28. Rxe5 Qf7 29. Bd3 1-0

[Event "Goteborg op"]
[Site "Molnlycke"]
[Date "2015.08.14"]
[Round "4"]
[White "Knutsson, Hakan"]
[Black "Akesson, Joel"]
[Result "0-1"]
[WhiteElo "1916"]
[BlackElo "2264"]
[PlyCount "72"]
[EventDate "2015.08.14"]
[EventType "swiss"]
[EventRounds "8"]
[EventCountry "SWE"]
[SourceTitle "CBM 167 Extra"]
[Source "ChessBase"]
[SourceDate "2015.09.14"]
[SourceVersion "1"]
[SourceVersionDate "2015.09.14"]
[SourceQuality "1"]

1. e4 e6 2. d4 d5 3. Nc3 Bb4 4. e5 c5 5. a3 Bxc3+ 6. bxc3 Qa5 7. Bd2 Qa4 8. Nf3 b6 9. Be2 Ba6 10. Be3 Nd7 11. 0-0 Ne7 12. Bxa6 Qxa6 13. Ng5 h6 14. Nh3 Qc4 15. Qd3 Qxd3 16. cxd3 Rc8 17. Rfc1 c4 18. dxc4 Rxc4 19. Nf4 Nc6 20. Ne2 Na5 21. Rcb1 Ke7 22. Kf1 Rhc8 23. Bd2 Ra4 24. Rb4 Rxb4 25. axb4 Nc4 26. Be1 a5 27. bxa5 bxa5 28. Nc1 Ndb6 29. Nb3 a4 30. Nc5 a3 31. Ke2 Nd7 32. Nxd7 Kxd7 33. Kd3 Rb8 34. Ra2 Rb1 35. Bd2 Rb2 36. Ra1 Rxd2# 0-1

[Event "Deltalift op"]
[Site "Tylosand"]
[Date "2015.05.14"]
[Round "2"]
[White "Akesson, Joel"]
[Black "Andersson, Robert"]
[Result "0-1"]
[WhiteElo "2294"]
[BlackElo "2067"]
[PlyCount "66"]
[EventDate "2015.05.14"]
[EventType "swiss"]
[EventRounds "8"]
[EventCountry "SWE"]
[SourceTitle "CBM 166 Extra"]
[Source "ChessBase"]
[SourceDate "2015.06.18"]
[SourceVersion "1"]
[SourceVersionDate "2015.06.18"]
[SourceQuality "1"]

1. c4 Nf6 2. g3 c5 3. Bg2 Nc6 4. Nc3 g6 5. a3 Bg7 6. Rb1 a5 7. Nh3 d5 8. cxd5 Nxd5 9. Nxd5 Bxh3 10. Bxh3 Qxd5 11. 0-0 Qa2 12. Qc2 Nd4 13. Qd3 c4 14. Qe4 f5 15. Qxb7 0-0 16. d3 Qxb1 17. Bh6 Nxe2+ 18. Kh1 Qxd3 19. Bxg7 Kxg7 20. Qxe7+ Rf7 21. Qe5+ Kg8 22. Bg2 Rd8 23. Re1 Nd4 24. Bd5 Rxd5 25. Qxd5 Qf3+ 26. Qxf3 Nxf3 27. Re3 Nd4 28. Rc3 Rc7 29. Kg2 a4 30. f3 Nb5 31. Re3 c3 32. bxc3 Rxc3 33. Re8+ Kg7 0-1

[Event "SWE-chT 1415 Superettan"]
[Site "Sweden"]
[Date "2015.01.17"]
[Round "4"]
[White "Gutzmann, Tobias"]
[Black "Akesson, Joel"]
[Result "1/2-1/2"]
[WhiteElo "2123"]
[BlackElo "2290"]
[PlyCount "61"]
[EventDate "2014.11.21"]
[EventType "team-tourn"]
[EventRounds "9"]
[EventCountry "SWE"]
[SourceTitle "EXT 2018"]
[Source "ChessBase"]
[SourceDate "2017.10.13"]
[SourceVersion "1"]
[SourceVersionDate "2017.10.13"]
[SourceQuality "1"]
[WhiteTeam "Vaxjo"]
[BlackTeam "Manhem"]
[WhiteTeamCountry "SWE"]
[BlackTeamCountry "SWE"]

1. d4 e6 2. c4 Nf6 3. g3 Bb4+ 4. Bd2 Qe7 5. Bg2 Nc6 6. Nf3 Bxd2+ 7. Nbxd2 0-0 8. 0-0 d6 9. Qc2 e5 10. e3 Bg4 11. h3 Bh5 12. Nh4 exd4 13. Bxc6 bxc6 14. exd4 Rfe8 15. Kg2 Bg6 16. Nxg6 hxg6 17. Nf3 Rab8 18. Rfe1 Qd7 19. Ng5 c5 20. Qd2 Qc6+ 21. d5 Qd7 22. Rxe8+ Rxe8 23. Re1 c6 24. Rxe8+ Qxe8 25. dxc6 Qxc6+ 26. f3 d5 27. cxd5 Qxd5 28. Qxd5 Nxd5 29. Ne4 c4 30. Nc3 Nb4 31. b3 1/2-1/2

[Event "Vaxjo Visma IM-B"]
[Site "Vaxjo"]
[Date "2013.06.29"]
[Round "6"]
[White "Akesson, Joel"]
[Black "Kenneskog, Theodor"]
[Result "0-1"]
[WhiteElo "2317"]
[BlackElo "2228"]
[PlyCount "62"]
[EventDate "2013.06.26"]
[EventType "tourn"]
[EventRounds "9"]
[EventCountry "SWE"]
[EventCategory "3"]
[SourceTitle "CBM 155 Extra"]
[Source "ChessBase"]
[SourceDate "2013.08.26"]
[SourceVersion "1"]
[SourceVersionDate "2013.08.26"]
[SourceQuality "1"]

1. c4 Nf6 2. Nc3 d5 3. cxd5 Nxd5 4. g3 g6 5. Bg2 Nb6 6. d3 Bg7 7. Be3 Nc6 8. Qd2 Nd4 9. Rc1 Nf5 10. Bc5 Nd7 11. Ba3 Ne5 12. Rd1 0-0 13. b3 c6 14. Nf3 Nxf3+ 15. Bxf3 Qa5 16. Na4 Qe5 17. Bb2 Nd4 18. Bg2 Qh5 19. Bxd4 Bxd4 20. Rc1 Bg4 21. Rc2 Rad8 22. 0-0 Rd6 23. Rfc1 g5 24. e3 Rh6 25. exd4 Qxh2+ 26. Kf1 Bh3 27. Bxh3 Qxh3+ 28. Ke2 Re6+ 29. Kf3 g4+ 30. Kf4 f5 31. Rh1 Qxh1 0-1